| 000 | 00396nam a2200145Ia 4500 | ||
|---|---|---|---|
| 008 | 240307s9999||||xx |||||||||||||| ||und|| | ||
| 020 | _a9789354665035 | ||
| 082 |
_a610 _bRAJ/C |
||
| 100 | _aRaje, VN | ||
| 245 | 0 | _aCommunity Pharmacy & Management: for second year Diploma in Pharmacy | |
| 250 | _a1st. Edition | ||
| 260 |
_aNew Delhi _bCBS Pub. & Distributors |
||
| 300 | _a162p. | ||
| 942 | _cBK | ||
| 999 |
_c43949 _d43949 |
||